书目信息 |
| 题名: |
电磁场与电磁波
|
|
| 作者: | 路宏敏 , 王家礼 , 朱满座 编著 | |
| 分册: | ||
| 出版信息: | 西安 西安电子科技大学出版社 2000 |
|
| 页数: | 287页 | |
| 开本: | 26cm | |
| 丛书名: | ||
| 单 册: | ||
| 中图分类: | O441.4 | |
| 科图分类: | ||
| 主题词: | 电动力学 , 电磁学 | |
| 电子资源: | ||
| ISBN: | 7-5606-0940-6 | |
| 000 | 00675nam0 2200217 450 | |
| 001 | 0735592734 | |
| 005 | 20071120110948.81 | |
| 010 | @a7-5606-0940-6@d¥19.00 | |
| 100 | @a20070906d km y0chiy0120 ea | |
| 101 | 0 | @achi |
| 200 | 1 | @a电磁场与电磁波@Adian ci chang yu dian ci bo@f王家礼,朱满座,路宏敏编著@Fwang jia li,zhu man zuo,lu hong min bian zhu |
| 210 | @a西安@c西安电子科技大学出版社@d2000 | |
| 215 | @a287页@d26cm | |
| 606 | 0 | @a电动力学 |
| 606 | 0 | @a电磁学 |
| 690 | @aO441.4@v3 | |
| 701 | 0 | @a路宏敏@Alu hong min@4编著 |
| 701 | 0 | @a王家礼@Awang jia li@4编著 |
| 701 | 0 | @a朱满座@Azhu man zuo@4编著 |
| 801 | 0 | @aCN@bPFT@c20071120 |
| 905 | @a213230@dO441.4@e115@f1 | |
| 电磁场与电磁波/王家礼,朱满座,路宏敏编著.-西安:西安电子科技大学出版社,2000 |
| 287页;26cm |
| ISBN 7-5606-0940-6:¥19.00 |
| ● |
| 相关链接 |
|
|
|
|
正题名:电磁场与电磁波
索取号:O441.4/115
 
预约/预借
| 序号 | 登录号 | 条形码 | 馆藏地/架位号 | 状态 | 备注 |
| 1 | 0667925 | 206679254 | 第二样本阅览室/ [索取号:O441.4/115] | 在馆 | |
| 2 | 0667926 | 206679263 | 密集书库/ [索取号:O441.4/115] | 在馆 | |
| 3 | 0667927 | 206679272 | 密集书库/ [索取号:O441.4/115] | 在馆 | |
| 4 | 0667928 | 206679281 | 密集书库/ [索取号:O441.4/115] | 在馆 | |
| 5 | 0667929 | 206679290 | 密集书库/ [索取号:O441.4/115] | 在馆 | |
| 6 | 0667930 | 206679307 | 库房3/ [索取号:O441.4/115] | 在馆 | |
| 7 | 0667931 | 206679316 | 库房3/ [索取号:O441.4/115] | 在馆 | |
| 8 | 0667932 | 206679325 | 库房3/ [索取号:O441.4/115] | 在馆 | |
| 9 | 0667933 | 206679334 | 库房3/ [索取号:O441.4/115] | 在馆 | |
| 10 | 0667934 | 206679343 | 库房3/ [索取号:O441.4/115] | 在馆 | |
| 11 | 0667935 | 206679352 | 库房3/ [索取号:O441.4/115] | 在馆 | |
| 12 | 0667936 | 206679361 | 库房3/ [索取号:O441.4/115] | 在馆 | |
| 13 | 0667937 | 206679370 | 库房3/ [索取号:O441.4/115] | 在馆 | |
| 14 | 0667938 | 206679389 | 库房3/ [索取号:O441.4/115] | 在馆 | |
| 15 | 0667939 | 206679398 | 库房3/ [索取号:O441.4/115] | 在馆 |